King Albert /

Bibliographic Details
Main Author: Bebey, Francis
Format: Book
Language:English
French
Published: Westport, Conn. : L. Hill, 1981.
Edition:1st U.S. ed.

MARC

Tag First Indicator Second Indicator Subfields
LEADER 00000cam a22000008a 4500
001 in00000076254
005 20151008060511.0
008 810723s1981 ctu 00011 eng
010 |a  81012799  
020 |a 0882081381 :  |c $10.00 
020 |a 088208139X (pbk.) :  |c $5.95 
035 |a (OCoLC)07738337 
035 |9 AAJ5891AM 
039 0 |a 2  |b 3  |c 3  |d 3  |e 3 
040 |a DLC  |c DLC  |d TXA  |d UtOrBLW 
041 1 |a eng  |a fre 
049 |a TXAM  |c [801083] 
050 0 0 |a PQ3989.2.B35  |b R613 
082 0 |a 843  |2 19 
100 1 |a Bebey, Francis. 
240 1 0 |a Roi Albert d'Effidi.  |l English 
245 1 0 |a King Albert /  |c by Francis Bebey ; translated by Joyce A. Hutchinson. 
250 |a 1st U.S. ed. 
263 |a 8110 
264 1 |a Westport, Conn. :  |b L. Hill,  |c 1981. 
300 |a 167 pages ;  |c 22 cm. 
336 |a text  |b txt  |2 rdacontent 
337 |a unmediated  |b n  |2 rdamedia 
338 |a volume  |b nc  |2 rdacarrier 
500 |a Translation of: Le roi Albert d'Effidi. 
999 |a MARS 
999 f f |s d12436f6-3c24-3874-b228-586a610a776f  |i 6cca510c-5789-3eca-88a5-c483883984e4  |t 0 
952 f f |p ric  |a Texas A&M University  |b Rellis Campus  |c Joint Library Facility  |d Remote Storage  |t 0  |e PQ3989.2.B35 R613  |h Library of Congress classification  |i unmediated -- volume  |m A14806181097 
998 f f |a PQ3989.2.B35 R613  |t 0  |l Remote Storage